Sus mejores poemas / (Registro nro. 11155)

Detalles MARC
000 -LIDER
fixed length control field 00857nam a22002777a 4500
001 - NÚMERO DE CONTROL
Identificador de número de control 001131
003 - IDENTIFICACDOR DE NÚMERO DE CONTROL
control field DO-SdBNP
005 - DATE AND TIME OF LATEST TRANSACTION
control field 20171113133454.0
007 - CAMPOS FIJOS DE DESCRIPCIÓN FÍSICA
fixed length control field 001131
008 - ELEMENTOS DE LONGITUD FIJA
fixed length control field 160812b2004 cl a| |g|| 00| 0 spaspa
020 ## - ISBN
International Standard Book Number 9789562392983
040 ## - FUENTE DE CATALOGACIÓN
Agencia que crea de manera original el registro BPMSU
Idioma de catalogación spa
Agencia que realiza la transcripción BPMSU
082 #4 - NÚMERO DE CLASIFICACIÓN DECIMAL DE DEWEY
Classification number Ch861.44
Item number N358s
100 1# - ASIENTO PRINCIPAL -- NOMBRE PERSONAL
Nombre personal Neruda, Pablo,
Fechas asociadas con el nombre 1904-1973
245 1# - MENCIÓN DE TITULO
Título Sus mejores poemas /
Mención de responsabilidad Pablo Neruda ; seleción y prólogo José Miguel Ibáñez Langlois
260 ## - PUBLICACIÓN, DISTRIBUCIÓN, ETC. (PIE DE IMPRENTA)
Lugar de publicación, distribución, etc Chile :
Nombre del editor, distribuidor, etc. El Mercurio,
-- Aguilar,,
Fecha de publicación, distribución, etc 2004.
300 ## - DESCRIPCIÓN FÍSICA
Extensión 148 p. :
Otros detalles físicos il.,
Dimensiones 24 cm.
490 1# - MENCIÓN DE SERIES
Mención de serie El mercurio Aguilar
650 #4 - ENCABEZAMIENTO DE MATERIA--TEMÁTICO
Término temático o nombre geográfico como elemento de entrada POESÍA CHILENA
650 #4 - ENCABEZAMIENTO DE MATERIA--TEMÁTICO
Término temático o nombre geográfico como elemento de entrada LITERATURA CHILENA
700 1# - ASIENTO SECUNDARIO -- NOMBRE PERSONAL
Nombre personal Ibáñez Langlois, José Miguel,
Mención de responsabilidad pról.
Fechas asociadas con el nombre 1936-
830 #0 - ASIENTO SECUNDARIO DE SERIE--TÍTULO UNIFORME
Título uniforme El mercurio Aguilar
942 ## - ADDED ENTRY ELEMENTS (KOHA)
Source of classification or shelving scheme Dewey Decimal Classification
Koha item type Libros
945 ## - INFORMACIÓN DE PROCESAMIENTO LOCAL
Información de procesamiento local Ivnentariado extranjero / 2017 VM
956 ## - LOCAL ELECTRONIC LOCATION AND ACCESS (OCLC)
Nombre de host BTAVÁREZ
Número de acceso 10
Información de compresión 20161208
Trayectoria 001131
Existencias
Withdrawn status Lost status Source of classification or shelving scheme Damaged status Not for loan Collection code Home library Current library Date acquired Source of acquisition Total Checkouts Full call number Barcode Date last seen Price effective from Koha item type Copy number
    Dewey Decimal Classification     Colección General Biblioteca Pública Metropolitana Salomé Ureña Biblioteca Pública Metropolitana Salomé Ureña 08/12/2016 Santillana Ediciones Generales,   Ch861.44 N358s BPMSU16080175 08/12/2016 08/12/2016 Libros  
    Dewey Decimal Classification     Colección General Biblioteca Pública Metropolitana Salomé Ureña Biblioteca Pública Metropolitana Salomé Ureña 08/12/2016 Santillana Ediciones Generales,   Ch861.44 N358s BPMSU16080176 08/12/2016 08/12/2016 Libros e. 2
    Dewey Decimal Classification     Colección General Biblioteca Pública Metropolitana Salomé Ureña Biblioteca Pública Metropolitana Salomé Ureña 09/27/2016 Santillana Ediciones Generales,   Ch861.44 N358s BPMSU16090493 09/27/2016 09/27/2016 Libros e. 3